Państwa z trzema granicami - Statystyki

Ogólne statystyki
  • Ten quiz został rozwiązany 2 587 razy
  • Średni wynik to 21 z 27
Statystyki odpowiedzi
Graniczące państwa Państwo % Poprawnych
Chorwacja, Czarnogóra, Serbia Bośnia i Hercegowina
95%
Norwegia, Szwecja, Rosja Finlandia
92%
Argentyna, Boliwia, Peru Chile
90%
Belgia, Francja, Niemcy Luksemburg
88%
Finlandia, Szwecja, Rosja Norwegia
88%
Laos, Tajlandia, Wietnam Kambodża
86%
Izrael, Libia, Sudan Egipt
84%
Argentyna, Boliwia, Brazylia Paragwaj
84%
Brazylia, Surinam, Wenezuela Gujana
83%
Chiny, Korea Południowa, Rosja Korea Północna
83%
Arabia Saudyjska, ZEA, Jemen Oman
80%
Malezja, Papua Nowa Gwinea, Timor Wschodni Indonezja
79%
Belize, Gwatemala, Stany Zjednoczone Meksyk
78%
Brazylia, Francja, Gujana Surinam
78%
Erytrea, Etiopia, Somalia Dżibuti
76%
Dżibuti, Etiopia, Sudan Erytrea
74%
Brazylia, Kolumbia, Gujana Wenezuela
74%
Kambodża, Chiny, Laos Wietnam
73%
Gwatemala, Salwador, Nikaragua Honduras
72%
Brunei, Indonezja, Tajlandia Malezja
72%
Dżibuti, Etiopia, Kenia Somalia
70%
Burkina Faso, Togo, Wybrzeże Kości Słoniowej, Ghana
68%
Demokratyczna Republika Konga, Rwanda, Tanzania Burundi
65%
Benin, Burkina Faso, Ghana Togo
65%
Kamerun, Kongo, Gwinea Równikowa Gabon
62%
Gwinea, Sierra Leone, Wybrzeże Kości Słoniowej Liberia
59%
Mozambik, Tanzania, Zambia Malawi
55%
Nie znaleziono quizów pasujących do podanych kryteriów
Rozkład punktacji
Procent ludzi z każdym wynikiem
Percentyl według liczby udzielonych odpowiedzi
Twoja historia wyników
Nie rozwiązałeś tego quizu